000
00307nam a2200109Ia 4500
008
200302s9999 xx 000 0 und d
100
_a
Simone K. Schleifer
245
_a
Gren style/un style en vert I gruner stil I groene still
260
_b
Booqs Publishers Loft Publication
260
_c
2009
300
_a
619
999
_c
6882
_d
6882